00293nam a2200121Ia 4500008004100000245004900041260002200090300000700112440000600119521002200125942000700147999001700154140130s9999 xx 000 0 und d cBridwell, NormanaClifford the firehouse dog bScholastic,c1994 a28 v1 aGrade 1 - Grade 2 cBK c40290d40290